All Dragon Type moves - Statistics

General Stats
  • This quiz has been taken 15 times
  • The average score is 13 of 27
Answer Stats
Description Answer % Correct
The target is knocked away, and a different Pokémon is dragged out. In the wild, this ends a battle against a single Pokémon. Dragon Tail
100%
The user vigorously performs a mystic, powerful dance that raises its Attack and Speed stats. Dragon Dance
83%
Comets are summoned down from the sky onto the target. The attack's recoil harshly lowers the user's Sp. Atk stat. Draco Meteor
75%
The user slashes the target with huge sharp claws. Dragon Claw
75%
The target is attacked with a shock wave generated by the user's gaping mouth. Dragon Pulse
67%
This attack hits the target with a shock wave of pure rage. This attack always inflicts 40 HP damage. Dragon Rage
67%
The user exhales a mighty gust that inflicts damage. This may also leave the target with paralysis. Dragon Breath
58%
The user unleashes a strong beam from its core. This move deals twice the damage if the target is Dynamaxed. Dynamax Cannon
58%
The user rampages and attacks for two to three turns. The user then becomes confused. Outrage
58%
The user blasts the target with power that distorts even time. The user can't move on the next turn. Roar of Time
58%
The user tears the target along with the space around it. Critical hits land more easily. Spacial Rend
58%
The user whips up a vicious tornado to tear at the opposing Pokémon. This may also make them flinch. Twister
58%
The user rubs the scales on its entire body and makes a huge noise to attack the opposing Pokémon. The user's Defense stat goes down after the attack. Clanging Scales
50%
The user attacks twice using Dreepy. If there are two targets, this move hits each target once. Dragon Darts
50%
The user uses its body like a hammer to attack the target and inflict damage. Dragon Hammer
50%
The user tackles the target while exhibiting overwhelming menace. This may also make the target flinch. Dragon Rush
50%
The user attacks its target by hitting it with brutal strikes. The target is hit twice in a row. Dual Chop
42%
This is Eternatus's most powerful attack in its original form. The user can't move on the next turn. Eternabeam
42%
The user attacks by shooting scales two to five times in a row. This move boosts the user's Speed stat but lowers its Defense stat. Scale Shot
42%
The user swings its tough tail wildly and attacks opposing Pokémon. This also lowers their Attack stats. Breaking Swipe
33%
This is a Dragon-type attack Dynamax Pokémon use. This lowers the target's Attack stat. Max Wyrmwind
33%
The user raises all its stats by using some of its HP. Clangorous Soul
25%
After obtaining Z-Power, the user, Kommo-o, attacks the opposing Pokémon with full force. This move boosts the user’s stats. Clangorous Soulblaze
25%
If the Pokémon the user has inflicted damage on have already used their moves, this move eliminates the effect of the target's Ability. Core Enforcer
25%
The user materializes its aura using its Z-Power and attacks the target with full force. The power varies, depending on the original move. Devastating Drake
25%
Converting its life-force into power, the user attacks opposing Pokémon. The lower the user's HP, the lower the move's power. Dragon Energy
17%
A Dragon-type attack that Gigantamax Duraludon use. Reduces the PP of the last move used. G-Max Depletion
8%
No matching quizzes found
Score Distribution
Percent of People with Each Score
Percentile by Number Answered
Your Score History
You have not taken this quiz